Szczegóły MARC21

Duden : Stilwörterbuch der deutschen Sprache : die Verwendung der Wörter im Satz /

003 -Nazwa inst., której nr kontr. jest w polu 001 [,]
    • @
    • Nazwa instytucji, której n kontrolny jest w polu 001
    • NUKAT
005 -DATA I CZAS OSTATNIEJ MODYFIKACJI [,]
    • @
    • pole kontrolne
    • 20241231105517.0
020 -Międzynarod. znormalizowany nr książki - ISBN [ , ]
    • a
    • Numer ISBN
    • 341120902X Find
040 -Instytucja sporządzająca opis [ , ]
    • a
    • Instytucja, która sporządziła opis (NP)
    • KR U/BG
    • c
    • Instytucja, która sporządziła rekord (NP)
    • KR U/BG
    • d
    • Instytucja, która zmodyfikowała rekord (P)
    • KR U/BG
    • d
    • Instytucja, która zmodyfikowała rekord (P)
    • KR U/JAKs
    • d
    • Instytucja, która zmodyfikowała rekord (P)
    • KAT U/46MM
942 -Rodzaj dokumentu [ , ]
    • c
    • Rodzaj dokumentu
    • Książka
245 -Strefa tytułu i oznaczenia odpowiedzialności [0,0]
    • a
    • Tytuł
    • Duden : Find
    • b
    • Ciąg dalszy tytułu (NP)
    • Stilwörterbuch der deutschen Sprache : die Verwendung der Wörter im Satz / Find
    • c
    • Pozostałe elementy strefy tytułu i oznaczenia odpowiedzialności (NP)
    • [bearb.] von Günther Drosdowski ; unter Mitw. folgender Mitarb. der Dudenredaktion Wolfgang Eckey [et al.].
246 -Wariant tytułu [3,0]
    • a
    • Tytuł (NP)
    • Stilwörterbuch der deutschen Sprache :
    • b
    • Ciąg dalszy tytułu (NP)
    • die Verwendung der Wörter im Satz
246 -Wariant tytułu [1,8]
    • a
    • Tytuł (NP)
    • Stilwörterbuch
250 -Strefa wydania [ , ]
    • a
    • Oznaczenie wydania (NP)
    • 7., völlig neu bearb. und erw. Aufl.
260 -Strefa adresu wydawniczego [ , ]
    • a
    • Miejsce wydania (P)
    • Mannheim [etc.] :
    • b
    • Nazwa wydawcy (P)
    • Dudenverlag,
    • c
    • Data wydania (P)
    • 1988.
300 -Strefa opisu fizycznego [ , ]
    • a
    • Określenie formy książki i/lub objętość (NP)
    • 864 s. ;
    • c
    • Format (NP)
    • 20 cm.
336 -Typ zawartości [ , ]
    • a
    • Termin opisujący typ zawartości
    • Tekst
    • b
    • Kod określający zawartość
    • txt
    • 2
    • Źródło (terminu i kodu)
    • rdacontent
337 -Typ mediów [ , ]
    • a
    • Tryb odtwarzania
    • Bez urządzenia pośredniczącego
    • b
    • Kod typu mediów
    • n
    • 2
    • Źródło (terminu i kodu)
    • rdamedia
338 -Typ/rodzaj nośnika [ , ]
    • a
    • Hasło opisujące typ nośnika
    • Wolumin
    • b
    • Kod typu nośnika
    • nc
    • 2
    • Źródło (terminu i kodu)
    • rdacarrier
490 -Strefa serii i książki wielotomowej - forma nie do wyszukiwania [1, ]
    • a
    • Tytuł (P)
    • Der Duden in 10 Bänden : das Standardwerk zur deutschen Sprache / hrsg. vom Wissenschaftlichen Rat der Dudenredaktion Günther Drosdowski [et al.] ; Find
    • v
    • Numeracja (P)
    • Bd. 2
830 -Hasło dodatkowe serii i opisu książki wielotomowej - tytuł ujednolicony/tytuł [ ,0]
    • a
    • Tytuł ujednolicony/tytuł (NP)
    • Duden in 10 Bänden
    • v
    • Oznaczenie tomu (NP)
    • Bd. 2
    • 9
    • KHW
    • 428828
080 -Uniwersalna Klasyfikacja Dziesiętna [ , ]
    • a
    • Symbol klasyfikacji
    • 803.0(03)=30
650 -Hasło przedmiotowe [ ,7]
    • a
    • Hasło przedmiotowe
    • Język niemiecki
    • x
    • Określnik rzeczowy
    • stylistyka
    • v
    • Określnik formalny
    • słowniki.
    • 2
    • Źródło terminu
    • kaba
    • 9
    • KHW
    • 480893
980 -Symbol UKD [ , ]
    • a
    • UKD
    • 803.0(03)=30
700 -Hasło dodatkowe - nazwa osobowa [1, ]
    • a
    • Nazwa osobowa (NP)
    • Drosdowski, Günther Find
    • d
    • Daty biograficzne (NP)
    • (1926-2001).
    • e
    • Określenie rodzaju współpracy
    • Red.
    • 9
    • KHW
    • 428815
700 -Hasło dodatkowe - nazwa osobowa [1, ]
    • a
    • Nazwa osobowa (NP)
    • Eckey, Wolfgang. Find
    • e
    • Określenie rodzaju współpracy
    • Oprac.
    • 9
    • KHW
    • 480754
710 -Hasło dodatkowe - nazwa ciała zbiorowego [2, ]
    • a
    • Nazwa ciała zbiorowego lub nazwa geograficzna jako pierwszy element (NP)
    • Bibliographisches Institut (Mannheim).
    • b
    • Nazwa jednostki podrzędnej (P)
    • Dudenredaktion.
    • 4
    • Kod relacji
    • pbl
    • 9
    • KHW
    • 404713
920 -ISBN [ , ]
    • a
    • ISBN
    • 3-411-20902-X Find
Numer inwentarzowy Status udost. Lokalizacja Data inwentaryzacji Sygnatura
S.90060-2BE2002-09-16FUNDACJA POLSKO-NIEMIECKA
G.4430-3BM1996-12-09Germ. Słowniki specj. 04
G.69951BM